000 00403pab a2200157 454500
008 180718b1995 xxu||||| |||| 00| 0 eng d
100 _aMehta, Balraj
245 _aIndia's growth process
_bnew style licence - permit raj.
260 _c1995
300 _ap.8
362 _a4 May
650 _aEconomic development - India
650 _aIndia - Economic policy
773 _aTribune
909 _a28899
999 _c28899
_d28899